000 00528nam a2200145Ia 4500
008 181023s9999 xx 000 0 und d
020 _a9781260084290
100 _aThompson, Arthur A.
245 _cArthur A. Thompson , Margaret A. Peteraf, John E. Gamble, A.J. Strickland.--
_aCrafting and executing strategy :
_bthe quest for competitive advantage: concepts /
250 _a21st ed
260 _aNew York :
_bMcGraw Hill
_c2018
300 _axxxix, 370 pages.
650 _aBusiness planning.
650 _aStrategic planning.
999 _c359394
_d359394